Statistics for A Whale of a Quiz

Click here to take the quiz!

General Stats

  • This quiz has been taken 15,775 times
  • The average score is 12 of 20

Answer Stats

Hint Answer % Correct
Largest type of whaleBlue Whale
96%
Another name for killer whalesOrcas
88%
Movie about a boy who helped
a killer whale to escape
Free Willy
79%
Fictional whale hated by Captain AhabMoby Dick
79%
Country that killed thousands of whales
for "research" until 2014
Japan
79%
Insulating layer of fatBlubber
78%
Type of whale most common
for whale-watching
Humpback
73%
Primary food of the aboveKrill
73%
Type of whale with a single long tuskNarwhal
69%
Hole through which whales breatheBlowhole
69%
Bible character swallowed by a whaleJonah
69%
Type of whale that is white and
lives in the Arctic
Beluga
66%
Largest type of toothed whaleSperm Whale
66%
Word for a young whaleCalf
57%
Word for when a whale jumps
out of the water
Breach
43%
Ambergris is a whale product once
used to make what
Perfume
33%
Filter-feeding body part also
called whalebone
Baleen
29%
Primary food of the aboveSquid
27%
Taxonomic order that includes
whales, dolphins, and porpoises
Cetacea
16%
Most common type of whaleSouthern Minke
12%

Score Distribution

Percentile by Number Answered

Percent of People with Each Score

Your Score History

You have not taken this quiz